000 01245nam0a22002771 4500
001 rc\108518
005 20250620183832.0
010 _a5-02-027379-1
_91200
035 _a(NLR Aleph) 005369675
090 _a6986597
_c6986597
100 _a20021216d1993 |||y0rusy50 ca
101 0 _arus
102 _aRU
105 _aa |||||||||
200 1 _aСимволика молодежной субкультуры
_eОпыт этногр. исслед. Системы, 1986 - 1989 гг.
_f[Предисл. К.В. Чистова]
_gРос. АН. Музей антропологии и этнографии им. Петра Великого (Кунсткамера)
210 _aСПб.
_cНаука. Санкт-Петербург. изд. фирма
_d1993
215 _a340, [1] с.
_cил.
_d17
320 _aБиблиогр. в примеч. в конце разделов
327 0 _aВ прил.: Словарь сленга Системы
464 0 _12001#$aСловарь сленга Системы
_tСловарь сленга Системы
700 1 _aЩепанская
_bТ.Б.
_gТатьяна Борисовна
801 0 _aRU
_bNLR
_gpsbo
801 1 _aRU
_bELAR
_2rusmarc
852 _aNLR
_j93-2/611
942 _cBOOK
980 _aNB